000 00674nam a2200205Ia 4500
003 GCL
005 20240530095241.0
008 140319s9999 xx 000 0 ara d
040 _aGCL /
_cGCL
082 0 4 _a366.1
_bش ب
100 0 _aشوقى عبدالناصر
245 1 0 _aبروتوكولات حكماء صهيون وتعاليم التلمود /
_cشوقى عبدالناصر
250 _aالاولى
260 _aبيروت :
_bدار الفنون للطباعة والنشر ،
_c2000
300 _a253 ص ؛
_c22 سم
650 0 4 _aاليهودية
650 0 4 _aالتلمود
650 0 4 _aبروتوكولات حكماء صهيون
942 _2ddc
_cBK
999 _c5425
_d5425